| 000 | 01739namaa22003731i 4500 | ||
|---|---|---|---|
| 003 | EG-GICUC | ||
| 005 | 20251110140107.0 | ||
| 008 | 251110s1986 gr ||||jr|||| 000 0 ara d | ||
| 017 |
_a3000 / 1986 / 5 / 1 / 2 _bالمكتبة الوطنية (اليونان) |
||
| 040 |
_aEG-GiCUC _bara _cEG-GiCUC _dEG-GiCUC _erda |
||
| 043 |
_ap------ _af-mr--- |
||
| 082 | 0 | 4 |
_221 _a330.964 _bT158 |
| 092 | 0 | 4 |
_221 _a330.964 _bT158 |
| 099 | _a330.964 T158 | ||
| 100 | 1 |
_aالتميمى، عبد المالك خلف _eمؤلف. |
|
| 245 | 1 | 2 |
_aالخليج العربى والمغرب العربى : _bدراسات فى التاريخ السياسي والاجتماعى والاقتصادى / _cتأليف الدكتور عبد المالك خلف التميمى |
| 250 | _aالطبعة الاولى | ||
| 264 |
_aقبرص (اليونان) : _bدار الشباب للنشر والترجمة والتوزيع، _c1986. |
||
| 300 |
_a262 صفحة ؛ _c24 سم |
||
| 336 |
_2rdacontent _atext |
||
| 337 |
_2rdamedia _aUnmediated |
||
| 338 |
_2rdacarrier _avolume |
||
| 504 | _aيشتمل على ارجاعات ببليوجرافية. | ||
| 541 |
_aد. جابر عصفور ؛ _bالقاهرة ؛ _cإهداء ؛ _d2024. |
||
| 650 | 1 | _2qrmak | |
| 651 | 1 |
_2qrmak _aالمغرب العربى _xأحوال سياسية |
|
| 651 | 1 |
_2qrmak _aالمغرب العربى _xاحوال اقتصادية |
|
| 651 | 1 |
_2qrmak _aالمغرب العربى _xاحوال اجتماعية |
|
| 651 | 1 |
_2qrmak _aالخليج العربى _xاحوال سياسية |
|
| 651 | 1 |
_2qrmak _aالخليج العربى _xاحوال اقتصادية |
|
| 651 | 1 |
_2qrmak _aالخليج العربى _xاحوال اجتماعية |
|
| 905 | _aNermeen | ||
| 942 |
_2ddc _cBK _e21 _n0 |
||
| 999 |
_c175716 _d175716 |
||